Management : theory and practice /

محفوظ في:
التفاصيل البيبلوغرافية
المؤلف الرئيسي: Gupta C.P
التنسيق: كتاب
منشور في: New Delhi : Sultan chand & sons c2022.
الطبعة:21st. ed.
الموضوعات:
الوسوم: إضافة وسم
لا توجد وسوم, كن أول من يضع وسما على هذه التسجيلة!

MARC

LEADER 00000nam a2200000 4500
005 20250922091840.0
020 |a 9789351610939  |c TZS 38,892/= 
040 |a MUL  |b eng  |e AACR 
082 |a 658 GUP 
100 |a Gupta C.P.  
245 |a Management : theory and practice /  |c C.P. Gupta  
250 |a 21st. ed. 
260 |a New Delhi :  |b Sultan chand & sons  |c c2022. 
300 |a xxix, Various pagings . :  |b ill. ;  |c 26 cm. 
500 |a Includes index. 
546 |a eng. 
650 |a Management 
650 |a Management theories  
650 |a International management  
650 |a Business ethics  
650 |a Delegation and decentralization  
942 |c BK 
999 |c 11105  |d 11105